Information sources in the life sciences / (Record no. 100350)

MARC details
000 -LEADER
fixed length control field 01090cam a2200325 a 4500
008 - FIXED-LENGTH DATA ELEMENTS--GENERAL INFORMATION
fixed length control field
020 ## - INTERNATIONAL STANDARD BOOK NUMBER
International Standard Book Number 040811472X (hbk.)
049 ## - LOCAL HOLDINGS (OCLC)
Holding library MAIN
090 ## - LOCALLY ASSIGNED LC-TYPE CALL NUMBER (OCLC); LOCAL CALL NUMBER (RLIN)
Classification number (OCLC) (R) ; Classification number, CALL (RLIN) (NR) REF QH303.6
003 - CONTROL NUMBER IDENTIFIER
control field
005 - DATE AND TIME OF LATEST TRANSACTION
control field 20230120191408.0
040 ## - CATALOGING SOURCE
Transcribing agency NUST
245 00 - TITLE STATEMENT
Title Information sources in the life sciences /
Statement of responsibility, etc. editor, H.V. Wyatt.
250 ## - EDITION STATEMENT
Edition statement 3rd ed.
260 ## - PUBLICATION, DISTRIBUTION, ETC.
Place of publication, distribution, etc. London ;
-- Boston :
Name of publisher, distributor, etc. Butterworths,
Date of publication, distribution, etc. 1987.
300 ## - PHYSICAL DESCRIPTION
Extent xiv, 191 p. ;
Dimensions 23 cm.
440 #0 - SERIES STATEMENT/ADDED ENTRY--TITLE
Title Butterworths guides to information sources
500 ## - GENERAL NOTE
General note Rev. ed. of: The use of biological literature / editors, R.T. Bottle, H.V. Wyatt. 2nd ed. 1971.
504 ## - BIBLIOGRAPHY, ETC. NOTE
Bibliography, etc. note Includes bibliographies.
500 ## - GENERAL NOTE
General note Includes index.
650 #0 - SUBJECT ADDED ENTRY--TOPICAL TERM
Topical term or geographic name entry element Life sciences literature.
650 #0 - SUBJECT ADDED ENTRY--TOPICAL TERM
Topical term or geographic name entry element Life sciences
General subdivision Research.
653 ## - INDEX TERM--UNCONTROLLED
Uncontrolled term Biology
-- Information sources
650 #2 - SUBJECT ADDED ENTRY--TOPICAL TERM
Topical term or geographic name entry element Abstracting and Indexing.
650 #2 - SUBJECT ADDED ENTRY--TOPICAL TERM
Topical term or geographic name entry element Biology
Form subdivision bibliography.
700 1# - ADDED ENTRY--PERSONAL NAME
Personal name Wyatt, H. V.
Fuller form of name (Harold Vivian)
740 ## - ADDED ENTRY--UNCONTROLLED RELATED/ANALYTICAL TITLE
Uncontrolled related/analytical title Use of biological literature.
907 ## - LOCAL DATA ELEMENT G, LDG (RLIN)
a .b10056907
b 22-01-07
c 17-04-03
942 ## - ADDED ENTRY ELEMENTS (KOHA)
Koha item type Ordinary Loan Books
Call number prefix REF QH303.6
Holdings
Date last seen Total Checkouts Full call number Barcode Cost, replacement price Price effective from Koha item type Lost status Source of classification or shelving scheme Damaged status Not for loan Collection Withdrawn status Home library Current library Shelving location Date acquired Cost, normal purchase price
01/20/2023   REF QH303.6 INF 92003020997 80.00 01/20/2023 REF   LCC     NFIC   MAIN MAIN GEN 01/20/2023 80.00